[Event "GER M05-B email"]
[Site "GER email"]
[Date "2016.06.26"]
[Round "?"]
[White "Heinke, Richard"]
[Black "Voronin, Alexandr"]
[Result "1/2-1/2"]
[WhiteElo "2357"]
[BlackElo "2417"]
[PlyCount "76"]
[EventDate "2016.??.??"]
[EventType "tourn (corr)"]
[EventRounds "15"]
[EventCountry "GER"]
[SourceTitle "Corr 2017"]
[Source "ChessBase"]
[SourceDate "2017.09.19"]
[SourceVersion "1"]
[SourceVersionDate "2017.09.19"]
[SourceQuality "1"]

1. d4 d5 2. c4 c6 3. Nf3 Nf6 4. Nc3 e6 5. Bg5 h6 6. Bh4 dxc4 7. e4 g5 8. Bg3 b5 9. Be2 Bb7 10. 0-0 Nbd7 11. Ne5 Be7 12. f4 0-0 13. fxg5 hxg5 14. Kh1 c5 15. Nxd7 Qxd7 16. d5 exd5 17. Qd2 Ne8 18. Nxd5 Bxd5 19. exd5 Rd8 20. Rae1 f5 21. b3 cxb3 22. axb3 a6 23. Bf3 Bf6 24. Qc2 g4 25. Bd1 Be7 26. Qa2 Ng7 27. Qxa6 Bd6 28. Bh4 Ra8 29. Qb6 f4 30. Bf2 f3 31. Qc6 fxg2+ 32. Kxg2 Qd8 33. Bxc5 Ra2+ 34. Re2 Rxf1 35. Rxa2 Rxd1 36. Bxd6 Qg5 37. Ra8+ Kh7 38. Qc2+ Nf5 1/2-1/2

[Event "GER M05-B email"]
[Site "GER email"]
[Date "2016.06.26"]
[Round "?"]
[White "Voronin, Alexandr"]
[Black "Langer, Raimund"]
[Result "1/2-1/2"]
[WhiteElo "2417"]
[BlackElo "2376"]
[PlyCount "61"]
[EventDate "2016.??.??"]
[EventType "tourn (corr)"]
[EventRounds "15"]
[EventCountry "GER"]
[SourceTitle "Corr 2017"]
[Source "ChessBase"]
[SourceDate "2017.09.19"]
[SourceVersion "1"]
[SourceVersionDate "2017.09.19"]
[SourceQuality "1"]

1. e4 e5 2. Nf3 Nc6 3. Bb5 a6 4. Ba4 Nf6 5. 0-0 Be7 6. Re1 b5 7. Bb3 d6 8. c3 0-0 9. h3 Bb7 10. d4 Re8 11. Nbd2 Bf8 12. a3 h6 13. Bc2 Nb8 14. b3 Nbd7 15. Bb2 c6 16. Bd3 Nh5 17. g3 Nhf6 18. Qc2 Qc7 19. Bf1 Rad8 20. c4 bxc4 21. bxc4 exd4 22. Nxd4 g6 23. Bg2 Rb8 24. Ne2 Bg7 25. Bd4 Nh5 26. Rad1 Bxd4 27. Nxd4 Nhf6 28. Re3 Ba8 29. Ne2 Nc5 30. Nf4 Kh7 31. Nd3 1/2-1/2

[Event "GER M05-B email"]
[Site "GER email"]
[Date "2016.06.26"]
[Round "?"]
[White "Voronin, Alexandr"]
[Black "Pirs, Jernej"]
[Result "1/2-1/2"]
[WhiteElo "2417"]
[BlackElo "2349"]
[PlyCount "24"]
[EventDate "2016.??.??"]
[EventType "tourn (corr)"]
[EventRounds "15"]
[EventCountry "GER"]
[SourceTitle "Corr 2017"]
[Source "ChessBase"]
[SourceDate "2017.09.19"]
[SourceVersion "1"]
[SourceVersionDate "2017.09.19"]
[SourceQuality "1"]

1. e4 c5 2. Nf3 Nc6 3. Bb5 e6 4. 0-0 Nge7 5. c3 a6 6. Ba4 b5 7. Bc2 Bb7 8. d4 cxd4 9. Nxd4 Nxd4 10. cxd4 g6 11. Nc3 Bg7 12. Bg5 0-0 1/2-1/2